| 000 | 00392nam a22001577a 4500 | ||
|---|---|---|---|
| 999 |
_c532284 _d532284 |
||
| 003 | NUST | ||
| 005 | 20191115121845.0 | ||
| 008 | 191115b ||||| |||| 00| 0 eng d | ||
| 038 | _aMSOHAIL | ||
| 082 | _a0 | ||
| 100 |
_aMuhammad Athar Ali _925669 |
||
| 245 | _aAurangzeb kay Ihad mein Mughal Umrah | ||
| 260 |
_aNew Delhi _bTaraki Urdu Bureau _cc1985 |
||
| 300 | _ap;350 | ||
| 942 |
_2ddc _cBK |
||